banner-ar

MERCHANTS AND MIGRANTS IN NINETEENTH CENTURY BEIRUIT / (Record no. 13754)

MARC details
000 -الفاتح
حقل البيانات ثابتة الطول 00548nam a2200205Ia 4500
008 - عناصر البيانات ثابتة الطول - معلومات عامة
حقل البيانات ثابتة الطول 140319s9999 xx 000 0 eng d
040 ## - مصدر الفهرسة
وكالة الفهرسة الأصلية GCL /
وكالة النسخ GCL
082 04 - رقم تصنيف ديوى العشرى
رقم التصنيف 307.764095692
رقم المادة F M
100 1# - المدخل الرئيسى - إسم شخصى
الإسم الشخصى FAWAZ, LEILA T.
245 10 - بيان العنوان
العنوان MERCHANTS AND MIGRANTS IN NINETEENTH CENTURY BEIRUIT /
بيان المسئوليه,etc FAWAZ, LEILA T.
260 ## - PUBLICATION, DISTRIBUTION, ETC. (IMPRINT)
تاريخ النشر أو التوزيع 1983
300 ## - الوصف المادى
التعداد 182
650 04 - المدخل الاضافى بالموضوع-مصطلح موضوعى
مصطلح موضوعي MERCHANTS
650 04 - المدخل الاضافى بالموضوع-مصطلح موضوعى
مصطلح موضوعي HISTORY
650 04 - المدخل الاضافى بالموضوع-مصطلح موضوعى
مصطلح موضوعي COMMERCE
650 04 - المدخل الاضافى بالموضوع-مصطلح موضوعى
مصطلح موضوعي BEIRUT (LEBANON)
650 04 - المدخل الاضافى بالموضوع-مصطلح موضوعى
مصطلح موضوعي EMIGRATION
942 ## - عناصر المدخل الإضافي( كوها)
مصدر التصنيف او مخطط الترفيف Dewey Decimal Classification
Koha [default] item type كتاب
260 ## - PUBLICATION, DISTRIBUTION, ETC. (IMPRINT)
-- [S.N] :
-- HARVARD UNVIERSITY PRESS ،
Holdings
حالة التراجع حالة الفقد حالة تلف ليس للاعارة المكان المؤقت الموقع الحالى تاريخ الاكتساب اجمالي اﻻعارات رقم الطلب الباركود تاريخ اخر مشاهدة تاريخ تفعيل السعر نوع وعاء كوها
        مكتبة القاهرة الكبرى مكتبة القاهرة الكبرى 03/26/2014   307.764095692\F M 26128 03/26/2014 03/26/2014 كتاب

Powered By

EGPV